000 00623nam a2200277Ia 4500
005 20260324121540.0
008 008 260324s9999 xx 000 0 eng d
020 _a9780429255717
037 _aEBOOK
040 _aCRL
040 _beng
040 _cCRL
041 _2eng
041 _aeng
084 _qCRL
100 _aAnn R. Bumbak
_91162935
245 0 _aProfiling Cop-Killers
260 _bTaylor and Francis
260 _c2014
365 _a
365 _b205
856 _uhttp://www.taylorfrancis.com/books/9780429255717
942 _cEBOOK
999 _c1755124
_d1755124